The noble scholar, jurist, historian


 His Excellency Dr. Abdul Wahhab bin Ibrahim Abu Sulaiman, may Allah have mercy on him.


 He was born in Umm Al-Qura in the year 1356 AH.

كيف تتجنب فشل المشاريع التجارية / (Record no. 3373)

MARC details
000 -LEADER
fixed length control field 01594cam a2200337 i 4500
003 - CONTROL NUMBER IDENTIFIER
control field SA-RiAUC
005 - DATE AND TIME OF LATEST TRANSACTION
control field 20241212062905.0
008 - FIXED-LENGTH DATA ELEMENTS--GENERAL INFORMATION
fixed length control field 241207s1996 su a f b f00010 ara c
020 ## - INTERNATIONAL STANDARD BOOK NUMBER
International Standard Book Number 9960829030
020 ## - INTERNATIONAL STANDARD BOOK NUMBER
International Standard Book Number 4159662
040 ## - CATALOGING SOURCE
Original cataloging agency SA-RiAUC
Language of cataloging ara
Transcribing agency SA-RiAUC
Modifying agency SA-RiKSU
Description conventions rda
082 04 - DEWEY DECIMAL CLASSIFICATION NUMBER
Classification number 658.404
Assigning agency SA-RiAUC
090 ## - LOCALLY ASSIGNED LC-TYPE CALL NUMBER (OCLC); LOCAL CALL NUMBER (RLIN)
Classification number (OCLC) (R) ; Classification number, CALL (RLIN) (NR) 658.404
Local cutter number (OCLC) ; Book number/undivided call number, CALL (RLIN) غ ر ف
110 2# - MAIN ENTRY--CORPORATE NAME
Corporate name or jurisdiction name as entry element الغرفة التجارية الصناعية (مكة المكرمة).
Subordinate unit مركز البحوث
Relator term مؤلف.
245 10 - TITLE STATEMENT
Title كيف تتجنب فشل المشاريع التجارية /
Statement of responsibility, etc. مركز البحوث، الغرفة التجارية الصناعية ؛ إعداد عبد الفتاح دياب حسين.
264 #1 - PRODUCTION, PUBLICATION, DISTRIBUTION, MANUFACTURE, AND COPYRIGHT NOTICE
Place of production, publication, distribution, manufacture مكة المكرمة :
Name of producer, publisher, distributor, manufacturer الغرفة التجارية الصناعية، مركز البحوث،
Date of production, publication, distribution, manufacture, or copyright notice 1996
264 #3 - PRODUCTION, PUBLICATION, DISTRIBUTION, MANUFACTURE, AND COPYRIGHT NOTICE
Place of production, publication, distribution, manufacture [مكان الطبع غير محدد] :
Name of producer, publisher, distributor, manufacturer مطابع الصفا
300 ## - PHYSICAL DESCRIPTION
Extent 159 صفحة :
Other physical details جداول ؛
Dimensions 24 × 17 سم
336 ## - CONTENT TYPE
Content type term نص
Content type code txt
Source rdacontent
Materials specified كتاب
337 ## - MEDIA TYPE
Media type term بدون وسيط
Media type code n
Source rdamedia
338 ## - CARRIER TYPE
Carrier type term مجلد
Carrier type code nc
Source rdacarrier
500 ## - GENERAL NOTE
General note س ع / غ ت / 8، 8 / 8 ك9 ت1.
504 ## - BIBLIOGRAPHY, ETC. NOTE
Bibliography, etc. note ببليوجرافية : صفحة 156-157.
650 #7 - SUBJECT ADDED ENTRY--TOPICAL TERM
Topical term or geographic name entry element إدارة المشروعات
General subdivision مطبوعات حكومية
Source of heading or term aucsh
650 #7 - SUBJECT ADDED ENTRY--TOPICAL TERM
Topical term or geographic name entry element النجاح الإداري
General subdivision مطبوعات حكومية
Source of heading or term aucsh
650 #7 - SUBJECT ADDED ENTRY--TOPICAL TERM
Topical term or geographic name entry element المطبوعات الحكومية
Source of heading or term aucsh
651 #7 - SUBJECT ADDED ENTRY--GEOGRAPHIC NAME
Geographic name السعودية
General subdivision مطبوعات حكومية
Source of heading or term aucsh
700 1# - ADDED ENTRY--PERSONAL NAME
Personal name حسين، عبد الفتاح دياب
Relator term معد.
942 ## - ADDED ENTRY ELEMENTS (KOHA)
Source of classification or shelving scheme Dewey Decimal Classification
Koha item type Books
Suppress in OPAC No
949 ## - LOCAL PROCESSING INFORMATION (OCLC)
a SA-JeALM
d 241207
u osman123
n 1
Holdings
Withdrawn status Lost status Source of classification or shelving scheme Damaged status Not for loan Home library Current library Date acquired Total checkouts Full call number Barcode Date last seen Price effective from Koha item type
    Dewey Decimal Classification     DR AbdElwahab Library DR AbdElwahab Library 12/12/2024   658.404 غ ر ف 000005313 12/12/2024 12/12/2024 Books